000 00432nam a2200145Ia 4500
008 231129s1986||||xx |||||||||||||| ||spa||
020 _a968-16-2211-1
040 _bspa
082 _a142.7 H972i
100 _aHusserl Edmund
245 0 _aIdeas relativas a una fenomenologia pura y una filosofia fenomenologica
260 _c1986
264 _aFondo de Cultura Economica
942 _2ddc
_cBKS
999 _c15556
_d15556